00393nam a2200109 i 4500001000300000245010400003260002100107040000800128041000800136008004100144856009800185bg 0aWyniki doboru kandydatów na I rok studiów wyższych w roku szkolnym 1975/76 :bstudia dzienne. aWarszawa,c1977. cBPK apol s pl f |000 0 pol  uhttp://koha.tu.koszalin.pl/cgi-bin/koha/opac-detail.pl?biblionumber=17345yKatalog online BPK